WWE Hall of Fame Inductees - Statistics

General Stats
  • This quiz has been taken 34 times
    3 since last reset
  • The average score is 97 of 231
Answer Stats
Class Inductee % Correct
2026 AJ Styles
100%
1993 André the Giant
100%
2026 Bad News Brown
100%
2020 Brickhouse Brown
100%
2019 D-Generation X
100%
2013 Donald Trump
100%
2012 Edge
100%
2018 Goldberg
100%
2005 Hulk Hogan
100%
1996 Jimmy "Superfly" Snuka
100%
2024 Lia Maivia
100%
2024 Paul Heyman
100%
2008 Peter Maivia
100%
2015 Randy Savage
100%
2023 Rey Mysterio
100%
2017 Rick Rude
100%
2009 Ricky Steamboat
100%
2005 Roddy Piper
100%
2011 Shawn Michaels
100%
2026 Sid
100%
2026 Stephanie McMahon
100%
2016 Sting
100%
2009 "Stone Cold" Steve Austin
100%
2010 Ted DiBiase
100%
2020 The Bella Twins
100%
2020 The New World Order
100%
2014 The Ultimate Warrior
100%
2022 The Undertaker
100%
2025 Triple H
100%
1996 Vincent J. McMahon
100%
2015 Alundra Blayze
67%
2017 Beth Phoenix
67%
2016 Big Boss Man
67%
2004 Bobby Heenan
67%
2005 Bob Orton Jr.
67%
2010 Bob Uecker
67%
2006 Bret Hart
67%
1994 Buddy Rogers
67%
2019 Buddy Rose
67%
1994 Chief Jay Strongbow
67%
1994 "Classy" Freddie Blassie
67%
2007 Curt Hennig
67%
2026 Demolition
67%
2017 Diamond Dallas Page
67%
2004 Don Muraco
67%
2025 Dory Funk Sr.
67%
2017 Dr. Jerry Graham
67%
2007 Dusty Rhodes
67%
2008 Eddie Graham
67%
2006 Eddie Guerrero
67%
2021 Ethel Johnson
67%
2020 Gary Hart
67%
2006 Gene Okerlund
67%
1995 George "The Animal" Steele
67%
1994 Gorilla Monsoon
67%
2004 Greg Valentine
67%
2004 Harley Race
67%
2018 Hillbilly Jim
67%
2025 Ivan Koloff
67%
2018 Ivory
67%
2016 Jacqueline
67%
2014 Jake Roberts
67%
2007 Jerry Lawler
67%
2004 Jesse Ventura
67%
2011 Jim Duggan
67%
2005 Jimmy Hart
67%
2020 John "Bradshaw" Layfield
67%
2004 Junkyard Dog
67%
2025 Kamala
67%
2021 Kane
67%
2015 Kevin Nash
67%
2017 Kurt Angle
67%
2025 Lex Luger
67%
2014 Lita
67%
2018 Lord Alfred Hayes
67%
2008 Mae Young
67%
2012 Mike Tyson
67%
2007 Mr. Fuji
67%
2024 Muhammad Ali
67%
2005 Nikolai Volkoff
67%
1996 Pat Patterson
67%
2005 Paul Orndorff
67%
1995 Pedro Morales
67%
2004 Pete Rose
67%
2014 Razor Ramon
67%
2008 Ric Flair
67%
2015 Rikishi
67%
2008 Rocky Johnson
67%
2012 Ron Simmons
67%
2004 Sgt. Slaughter
67%
2006 Sherri Martel
67%
2016 Snoop Dogg
67%
2023 Stacy Keibler
67%
2010 Stu Hart
67%
2004 "Superstar" Billy Graham
67%
2020 The British Bulldog
67%
2015 The Bushwhackers
67%
2016 The Fabulous Freebirds
67%
1995 The Fabulous Moolah
67%
2019 The Honky Tonk Man
67%
2005 The Iron Sheik
67%
2025 The Natural Disasters
67%
2011 The Road Warriors
67%
2024 The U.S. Express
67%
2007 The Wild Samoans
67%
2024 Thunderbolt Patterson
67%
2004 Tito Santana
67%
2019 Torrie Wilson
67%
2013 Trish Stratus
67%
2022 Vader
67%
2012 Yokozuna
67%
2011 Abdullah the Butcher
33%
2015 Arnold Schwarzenegger
33%
2004 Big John Studd
33%
2013 Booker T
33%
2018 Boris Malenko
33%
2019 Bruiser Brody
33%
2013 Bruno Sammartino
33%
2019 Brutus Beefcake
33%
2024 Bull Nakano
33%
1996 "Captain" Lou Albano
33%
2026 Dennis Rodman
33%
2021 Eric Bischoff
33%
2019 Harlem Heat
33%
2009 Howard Finkel
33%
1994 James Dudley
33%
2018 Jeff Jarrett
33%
2009 Koko B. Ware
33%
2019 Luna Vachon
33%
2018 Mark Henry
33%
2010 Maurice Vachon
33%
2025 Michelle McCool
33%
2013 Mick Foley
33%
2014 Mr. T
33%
2014 Paul Bearer
33%
2022 Queen Sharmell
33%
2021 Rob Van Dam
33%
2018 Stan Stasiak
33%
2011 Sunny
33%
2018 The Dudley Boyz
33%
2012 The Four Horsemen
33%
2023 The Great Muta
33%
2019 The Hart Foundation
33%
2017 Theodore Long
33%
2007 The Sheik
33%
2022 The Steiner Brothers
33%
2023 Tim White
33%
2006 Tony Atlas
33%
2019 Toru Tanaka
33%
2010 Wendi Richter
33%
2023 Andy Kaufman
0%
1995 Antonino Rocca
0%
2010 Antonio Inoki
0%
1994 Arnold Skaaland
0%
2016 Art Thomas
0%
2020 Baron Michele Leone
0%
2017 Bearcat Wright
0%
2009 Bill Watts
0%
2011 Bob Armstrong
0%
2013 Bob Backlund
0%
1994 Bobo Brazil
0%
2021 Buzz Sawyer
0%
2014 Carlos Colón, Sr.
0%
2015 Connor "The Crusher" Michalek
0%
2018 Cora Combs
0%
2018 Dara Singh
0%
2021 Dick the Bruiser
0%
2011 Drew Carey
0%
2016 Ed Lewis
0%
2018 El Santo
0%
2017 Eric LeGrand
0%
1995 Ernie Ladd
0%
2016 Frank Gotch
0%
2016 George Hackenschmidt
0%
2008 Gordon Solie
0%
2010 Gorgeous George
0%
2017 Haystacks Calhoun
0%
2018 Hiro Matsuda
0%
2019 Hisashi Shinma
0%
1995 Ivan Putski
0%
2018 Jarrius "JJ" Robertson
0%
2019 Jim Barnett
0%
2018 Jim Londos
0%
2007 Jim Ross
0%
2016 Joan Lunden
0%
1996 Johnny Rodz
0%
2019 Joseph Cohen
0%
2017 Judy Grable
0%
2017 June Byers
0%
2020 Jushin "Thunder" Liger
0%
2018 Kid Rock
0%
1996 Killer Kowalski
0%
2015 Larry Zbyszko
0%
2016 Lou Thesz
0%
2017 Luther Lindsay
0%
2017 Martin Burns
0%
1996 Mikel Scicluna
0%
2016 Mildred Burke
0%
2012 Mil Máscaras
0%
2021 Molly Holly
0%
2007 Nick Bockwinkel
0%
2021 Ozzy Osbourne
0%
2016 Pat O'Connor
0%
2021 Paul Boesch
0%
2021 Pez Whatley
0%
2019 Primo Carnera
0%
2020 Ray Stevens
0%
2021 Rich Hering
0%
2017 Rikidōzan
0%
2018 Rufus R. Jones
0%
2022 Shad Gaspard
0%
2019 Special Delivery Jones
0%
2018 Sputnik Monroe
0%
2016 Stan Hansen
0%
2020 Steve Williams
0%
2019 Sue Aitchison
0%
2015 Tatsumi Fujinami
0%
2006 The Blackjacks
0%
2008 The Brisco Brothers
0%
2009 The Funks
0%
2016 The Godfather
0%
1995 The Grand Wizard
0%
2021 The Great Khali
0%
2017 The Rock 'n' Roll Express
0%
1996 The Valiant Brothers
0%
2009 The Von Erichs
0%
2020 Titus O'Neil
0%
2017 Toots Mondt
0%
2019 Wahoo McDaniel
0%
2006 William Perry
0%
2020 William Shatner
0%
No matching quizzes found
Score Distribution
Percent of People with Each Score
Percentile by Number Answered
Your Score History
You have not taken this quiz since the last reset